000 00654nam a2200229Ia 4500
003 OSt
005 20221005121634.0
006 a|||||r|||| 00| 0
007 ta
008 221004b |||||||| |||| 00| 0 eng d
024 _a66606
037 _cTextual
040 _aCRL
_cCRL
_beng
041 _2eng
_aeng
082 _aV28252:1:H0, G3-;1
100 _aReu Bisheshwar Nath
245 0 _aHistory of the Rashtrakutas (Rathodas) from the beginning to the migration of Rao Siha towards Marwar
260 _c1933
650 _aHISTORY
942 _hV28252:1:H0, G3-;1
_cTEXL
_2cc
999 _c1041798
_d1041798